000 00814nam a2200205Ii 4500
003 JO-AjNU
008 230605s9999||||xx |||||||||||||| ||und||
040 _aJO-AjNU
_bara
_erda
_cJO-AjNU
041 _aara
050 1 4 _aBP134.G6.M3388.1989
100 3 _aتأليف ، حسن، محمد كامل؛ مراجعة حسن تميم,
_eauthor
_915761
245 0 0 _aالموسوعة القرآنية : الحياة الدنيا في القرآن الكريم
264 3 1 _aبيروت: المكتب العالمي للطباعة والنشر، 1989
300 _a119ص
336 _atext
_btxt
_2rdacontent
337 _aunmediated
_bn
_2rdamedia
338 _avolume
_bnc
_2rdacarrier
490 0 _aالموسوعة القرآنية
650 4 _aالقرآن والكون -- القرآن -- مباحث عامة
_915762
999 _aA4526
_c8094
_d8094